Normal view MARC view

Entry Uniform Title

Number of records used in: 2

001 - CONTROL NUMBER

  • control field: 27472

003 - CONTROL NUMBER IDENTIFIER

  • control field: dpl

005 - DATE AND TIME OF LATEST TRANSACTION

  • control field: 20110426095229.0

008 - FIXED-LENGTH DATA ELEMENTS

  • fixed length control field: 110426|||a|||||| | ||| d

040 ## - CATALOGING SOURCE

  • Original cataloging agency: dpl
  • Transcribing agency: dpl

130 ## - HEADING--UNIFORM TITLE

  • Uniform title: ग्रंथमाला संपादकः आलोक श्रीवास्तव द्वारा संपादित

670 ## - SOURCE DATA FOUND

  • Source citation: Work cat.: (dpl)51524: 26640 पांडेय, अशोक कुमार, कार्ल मार्क्स : जीवन और विचार /, 2009

670 ## - SOURCE DATA FOUND

  • Source citation: Work cat.: (dpl)51524: 26640 पांडेय, अशोक कुमार, कार्ल मार्क्स : जीवन और विचार /, 2009

© Delhi Public Library
Hit Counter
free hit counter